000 00376nam a2200157Ia 4500
008 230711s9999||||xx |||||||||||||| ||und||
041 _aENG
082 _a624
_bWO-T
100 _aWorld Health Organisation
245 0 _aTRS 410
250 _a1st
260 _c1969
_aNew Delhi
_bWorld Health Organisation Geneva
300 _a53
650 _aCivil Engineering
942 _cBK
999 _c2068
_d2068